00217nam a2200073Ia 4500008004100000082001800041100001500059245006900074240331s9999 xx 000 0 und d a016.3054bHUS aHussein, A 3aAn annotated Bibliography on violence against women in Sri Lanka